00000000nam##2200000za#4500
0019.632882
003CaOODSP
00520210624215038
007cr |||||||||||
008150407|2001||||xxc|||||o    f|0| 0 fre|d
040 |aCaOODSP|bfre
043 |an-cn---
0861 |aSW21-67/2001F-PDF
1101 |aCanada. |bCondition féminine Canada.
24510|aL'incidence économique des politiques en matière de santé, de sécurité du revenu et de travail sur les prestataires bénévoles de soins aux personnes âgées en perte d'autonomie / |h[ressource électronique]|cpar Janet Fast, Jacquie Eales et Norah Keating.
260 |aOttawa - Ontario : |bCondition féminine Canada |c2001.
300 |a102p.|bfigures, tableaux
500 |a«Le premier objectif du présent projet consistait à analyser l'incidence économique des programmes actuels de santé, de sécurité du revenu et de travail, selon le type de prestataires bénévole de soins et la région du pays. Le second objectif consistait à élaborer un cadre d'analyse des politiques visant à faciliter l'évaluation continue de l'effet de n'importe quel instrument de politique sur les coûts économique supportés par les prestataires bénévoles de soins aux personnes âgées en perte d'autonomie.»--Sommaire.
500 |aLe n° de catalogue et ISBN de l'édition imprimée 2001 à été imprimé dans cette édition électronique.
504 |aBibliographie.
590 |a06-10-Supp|b2006-12-15
69107|aSoignant|2gcpds
69107|aSécurité du revenu|2gcpds
69107|aDroit du travail|2gcpds
69107|aSoins de santé|2gcpds
7201 |aKeating, Norah
7201 |aFast, Janet
7201 |aEales, Jacquie
77508|tEconomic impact of health, income security and labour policies on informal caregivers of frail seniors / |w(CaOODSP)9.688458
7760#|tEconomic impact of health, income security and labour policies on informal caregivers of frail seniors / |w(CaOODSP)9.662503
7760#|tL'incidence économique des politiques en matière de santé, de sécurité du revenu et de travail sur les prestataires bénévoles de soins aux personnes âgées en perte d'autonomie / |w(CaOODSP)9.662504
85640|ahttp://publications.gc.ca|qPDF|s736 Ko|uhttps://publications.gc.ca/collections/Collection/SW21-67-2001F.pdf